LEADER 00956nam a2200241 i 4500 001 000000137399 003 CaOOAMICUS 005 20050413000000.0 008 050413s1994 it u000 u ita u 013 $a111174 040 $aSeMil$bita 100 1 $aRota, Daniele.$0(OLS)http://semarc/name/15200 245 10$aCasa Manzoni :$bvita familiare ed economia : documenti inediti /$cDaniele Rota. 260 $aAzzate :$bOtto/Novecento,$c1994. 300 $a122 p. ;$c24 cm. 500 $aFondo Card. C.M. Martini. 600 14$aManzoni, Alessandro <1785-1873>.$0(OLS)http://semarc/subject/1531 850 $aSeMil 852 $aSeMil$W1$xVenegono$y1$m1D VI 104$j90945$B90945$CSeMilBibl$Z2$F95792 $81 941 1 $a4 961 $aOmaggio: Martini Card. Carlo Maria 996 $6245$aCasa Manzoni :$bvita familiare ed economia : documenti inediti$9(OLS)http://semarc/title/200756 996 $6260$aAzzate :$bOtto/Novecento$9(OLS)http://semarc/publisher/39650 LEADER 01279nam a2200277 i 4500 001 000000039682 003 CaOOAMICUS 005 20240920170421.0 008 931231s1993 it u000 u ita u 020 $a8870231801 040 $aSeMil$bita 100 1 $aSangalli, Maurizio,$d<1968- >.$0(OLS)http://semarc/name/3658 245 10$aMiracoli a Milano :$bi processi informativi per eventi miracolosi nel milanese in età spagnola /$cMaurizio Sangalli. 264 1$aMilano :$bNED,$c1993. 300 $a291 p. ;$c24 cm 490 1 $aArchivio Ambrosiano ;$v67. 650 4$aMilano - Storia religiosa - Sec. 16.-18.$0(OLS)http://semarc/subject/45844 650 4$aMilano (Arcidiocesi) - Storia religiosa.$0(OLS)http://semarc/subject/4381 830 0$aArchivio Ambrosiano ;$v67.$0(OLS)http://semarc/title/254 850 $aSeMil 852 $aSeMil$W1$xVenegono$y1$m3TA A 67$j250830$B5837$CSeMilBibl$Z2$F5837 $81 961 $aOmaggio: Rimoldi mons. Antonio 996 $6020$a8870231801$9(OLS)http://semarc/number/9466 996 $6245$aMiracoli a Milano :$bi processi informativi per eventi miracolosi nel milanese in età spagnola$9(OLS)http://semarc/title/56648 996 $6264$aMilano :$bNED$9(OLS)http://semarc/publisher/30187 LEADER 00758nam a2200193 i 4500 001 000000067449 003 CaOOAMICUS 005 20130607000000.0 008 130607s1786 it u000 u ita u 013 $a38621 026 $anee- o-ee 4.il deca (3) 1768 (R) 040 $aSeMil$bita 245 10$aParte 1. 300 $aXII, 199, [1] p., [1] carta di tav. :$bfront. 500 $aSegn. : *6 A-M8 N4. 773 0 $aNoghera, Giovanni Battista $tRiflessioni su la natura umana e su la religione naturale. Parte 1. [-2.].$dNella stamperia di Bassano : A spese Remondini, 1768.$g1$w()28621 850 $aSeMil 852 $aSeMil$W1$xVenegono$y1$m2O I 47 FA$j33602$B33602$CSeMilBibl$Z2$F33605 $8I 996 $6245$aParte 1$9(OLS)http://semarc/title/49080 LEADER 00917nam a2200205 i 4500 001 000000202565 003 CaOOAMICUS 005 20110526000000.0 008 110526s1808 it u000 u ita u 013 $a181275 026 $aiala S.S. E.S. (2(1 (3) 1808 (A) 040 $aSeMil$bita 245 10$aVol. 2. 300 $a360, [2] p. 490 0 $aEdizione delle opere classiche italiane 773 0 $aPassavanti, Jacopo <1297-1357>$tSpecchio della vera penitenza di fr. Jacopo Passavanti fiorentino dell'Ordine de' Predicatori.$dMilano : Stab. Tip. de' Classici Italiani, contrada di S. Margherita, n.° 1118, 1808.$kEdizione delle opere classiche italiane$g2$w()25009 830 0$aEdizione delle opere classiche italiane.$0(OLS)http://semarc/title/33675 850 $aSeMil 852 $aSeMil$W1$xVenegono$y1$m1E I 20 FA$j153086$B153086$CSeMilBibl$Z2$F164077 $8I 996 $6245$aVol. 2$9(OLS)http://semarc/title/13458 LEADER 00690nam a2200181 i 4500 001 000000203871 003 CaOOAMICUS 005 20260304112554.0 008 110708s2011 it a d u000 u ita u 040 $aSeMil$bita 245 10$a2: M-Z. 300 $aP. 845-1082, [36] carte di tav.$bill. ;$c29 cm 773 0 $tEnciclopedia dell'italiano.$dRoma : Istituto della Enciclopedia Italiana, 2010-2011.$z978-88-12-00040-1$g2$w()23224 850 $aSeMil 852 $aSeMil$W1$xVenegono$y1$mSL1.K VI 49/2$j267970$B154365$CSeMilBibl$Z2$F165249 $8I 961 $aAcquisto: Treccani, Istituto della Enciclopedia Italiana 996 $6245$a2: M-Z$9(OLS)http://semarc/title/425435